000
00301cam a2200133ua 4500
041
_a
mal
_h
082
_a
894.812308
_b
CHA/SA
100
_a
Chanthu, Menon .
245
_a
Sarada Part-2 /
_c
Chanthu Menon.
_h
Textual Documents
300
_a
238 ; .
504
_a
942
_c
BK
999
_c
6609
_d
6609